<?xml version="1.0" encoding="UTF-8"?>
<record
    xmlns:xsi="http://www.w3.org/2001/XMLSchema-instance"
    xsi:schemaLocation="http://www.loc.gov/MARC21/slim http://www.loc.gov/standards/marcxml/schema/MARC21slim.xsd"
    xmlns="http://www.loc.gov/MARC21/slim">

  <leader>00333    a2200109   4500</leader>
  <datafield tag="020" ind1=" " ind2=" ">
    <subfield code="a">9789392242090</subfield>
  </datafield>
  <datafield tag="100" ind1=" " ind2=" ">
    <subfield code="a">Soni, Pankaj</subfield>
    <subfield code="9">181600</subfield>
  </datafield>
  <datafield tag="245" ind1=" " ind2=" ">
    <subfield code="a">Textbook of Applied Anatomy &amp; Physiology (for B.Sc.  Nursing Students)</subfield>
  </datafield>
  <datafield tag="250" ind1=" " ind2=" ">
    <subfield code="a">1st</subfield>
  </datafield>
  <datafield tag="260" ind1=" " ind2=" ">
    <subfield code="b">Vision Health Science Publishers</subfield>
    <subfield code="c">2022</subfield>
  </datafield>
  <datafield tag="999" ind1=" " ind2=" ">
    <subfield code="c">159686</subfield>
    <subfield code="d">159686</subfield>
  </datafield>
  <datafield tag="650" ind1=" " ind2=" ">
    <subfield code="a">ANATOMY AND PHYSIOLOGY</subfield>
    <subfield code="9">181694</subfield>
  </datafield>
  <datafield tag="952" ind1=" " ind2=" ">
    <subfield code="0">0</subfield>
    <subfield code="1">0</subfield>
    <subfield code="2">ddc</subfield>
    <subfield code="4">0</subfield>
    <subfield code="7">0</subfield>
    <subfield code="a">SNCN</subfield>
    <subfield code="b">SNCN</subfield>
    <subfield code="d">2023-06-01</subfield>
    <subfield code="e">108</subfield>
    <subfield code="g">937.50</subfield>
    <subfield code="l">11</subfield>
    <subfield code="m">2</subfield>
    <subfield code="o">610.73/SON</subfield>
    <subfield code="p">SNCN-BK-3260</subfield>
    <subfield code="q">2026-04-10</subfield>
    <subfield code="r">2026-03-16 16:23:47</subfield>
    <subfield code="s">2026-03-16</subfield>
    <subfield code="v">1250.00</subfield>
    <subfield code="w">2023-06-01</subfield>
    <subfield code="y">BK</subfield>
    <subfield code="z">3260</subfield>
  </datafield>
  <datafield tag="952" ind1=" " ind2=" ">
    <subfield code="0">0</subfield>
    <subfield code="1">0</subfield>
    <subfield code="2">ddc</subfield>
    <subfield code="4">0</subfield>
    <subfield code="7">0</subfield>
    <subfield code="a">SNCN</subfield>
    <subfield code="b">SNCN</subfield>
    <subfield code="d">2023-06-01</subfield>
    <subfield code="e">108</subfield>
    <subfield code="g">937.50</subfield>
    <subfield code="l">7</subfield>
    <subfield code="o">610.73/SON</subfield>
    <subfield code="p">SNCN-BK-3264</subfield>
    <subfield code="r">2026-03-18 15:49:01</subfield>
    <subfield code="s">2026-03-18</subfield>
    <subfield code="v">1250.00</subfield>
    <subfield code="w">2023-06-01</subfield>
    <subfield code="y">BK</subfield>
    <subfield code="z">3264</subfield>
  </datafield>
  <datafield tag="952" ind1=" " ind2=" ">
    <subfield code="0">0</subfield>
    <subfield code="1">0</subfield>
    <subfield code="2">ddc</subfield>
    <subfield code="4">0</subfield>
    <subfield code="7">0</subfield>
    <subfield code="a">SNCN</subfield>
    <subfield code="b">SNCN</subfield>
    <subfield code="d">2023-06-01</subfield>
    <subfield code="e">108</subfield>
    <subfield code="g">937.50</subfield>
    <subfield code="l">10</subfield>
    <subfield code="o">610.73/SON</subfield>
    <subfield code="p">SNCN-BK-3262</subfield>
    <subfield code="r">2026-03-20 16:33:06</subfield>
    <subfield code="s">2026-03-09</subfield>
    <subfield code="v">1250.00</subfield>
    <subfield code="w">2023-06-01</subfield>
    <subfield code="y">BK</subfield>
    <subfield code="z">3262</subfield>
  </datafield>
  <datafield tag="952" ind1=" " ind2=" ">
    <subfield code="0">0</subfield>
    <subfield code="1">0</subfield>
    <subfield code="2">ddc</subfield>
    <subfield code="4">0</subfield>
    <subfield code="7">0</subfield>
    <subfield code="a">SNCN</subfield>
    <subfield code="b">SNCN</subfield>
    <subfield code="d">2023-06-01</subfield>
    <subfield code="e">108</subfield>
    <subfield code="g">937.50</subfield>
    <subfield code="l">12</subfield>
    <subfield code="m">3</subfield>
    <subfield code="o">610.73/SON</subfield>
    <subfield code="p">SNCN-BK-3261</subfield>
    <subfield code="q">2026-04-13</subfield>
    <subfield code="r">2026-03-17 14:41:49</subfield>
    <subfield code="s">2026-03-17</subfield>
    <subfield code="v">1250.00</subfield>
    <subfield code="w">2023-06-01</subfield>
    <subfield code="y">BK</subfield>
    <subfield code="z">3261</subfield>
  </datafield>
  <datafield tag="952" ind1=" " ind2=" ">
    <subfield code="0">0</subfield>
    <subfield code="1">0</subfield>
    <subfield code="2">ddc</subfield>
    <subfield code="4">0</subfield>
    <subfield code="7">0</subfield>
    <subfield code="a">SNCN</subfield>
    <subfield code="b">SNCN</subfield>
    <subfield code="d">2023-06-01</subfield>
    <subfield code="e">108</subfield>
    <subfield code="g">937.50</subfield>
    <subfield code="l">6</subfield>
    <subfield code="o">610.73/SON</subfield>
    <subfield code="p">SNCN-BK-3263</subfield>
    <subfield code="q">2026-04-17</subfield>
    <subfield code="r">2026-03-23 11:21:17</subfield>
    <subfield code="s">2026-03-23</subfield>
    <subfield code="v">1250.00</subfield>
    <subfield code="w">2023-06-01</subfield>
    <subfield code="y">BK</subfield>
    <subfield code="z">3263</subfield>
  </datafield>
</record>
